000 02134cab a22002535a 4500
001 L147059
008 090327e20090311xxk f v 000 0 eng d
035 _a(Sirsi) u147059
041 0 _aeng
245 0 0 _aOfulue and Anor v Bossert
_h[electronic resource]
260 _c2009
520 _a[2009] UKHL 16, 11 March 2009. When a right to property has been breached, UK courts will take into account the law of the European Court of Human Rights. The appellants (O) appealed against a decision (see L143147) that the respondent (B) had acquired the freehold title of their property by adverse possession. Following the death of the defendant's father in 1966, B had been allowed to occupy the property as O's tenant. The defendants claimed that they had taken possession of the property in 1987 which the appellants knew of and did little to remove them from the property. The defendant claimed that the claimant's title was extinguished in 1999 due to adverse possession under the Limitation Act 1980 S15. At issue was the extent to which it was possible for one party to rely on a statement made by another party in without prejudice correspondence with a view to settling earlier proceedings; and whether the admission of title in the defence operated as a continuing acknowledgement for the purposes of the Act. Held: appeal dismissed. Without prejudice statements made remain inadmissible in subsequent proceedings except where it was unconnected with the proceedings at hand. Title to property barred by time of the issue of proceedings. Property register amended accordingly.
590 _aKA
650 2 4 _aLIMITATION ACT 1980
650 2 4 _aOFULUE AND ANOR V BOSSERT
650 2 4 _aRUSH AND TOMPKINS LTD V GREATER LONDON COUNCIL AND ANOTHER
650 2 4 _aUNILEVER PLC V PROCTOR AND GAMBLE CO
650 2 4 _aMULLER V LINSLEY & MORTIMER
650 2 4 _aBRADFORD & BINGLEY PLC V RASHID
651 4 _aEngland and Wales
_y1543-
690 _aPROPERTY-RESIDENTIAL PROPERTY-RESIDENTIAL LANDLORD AND TENANT
856 4 0 _uhttps://www.bailii.org/uk/cases/UKHL/2009/16.html/
_zView the report at www.bailii.org...
942 _n0
999 _c81369
_d81369